Ten Weird Country Facts #2 - Statistics

General Stats
  • This quiz has been taken 34 times
  • The average score is 3 of 10
Answer Stats
Hint Answer % Correct
Country with more horses than people? Mongolia
66%
What country was Angry Birds originated in? Finland
55%
Country with the lowest life expectancy? Central African Republic
34%
Which country has the highest crime rates? Venezuela
28%
Country with the highest temperature? Burkina Faso
21%
Country with the largest production of false teeth? Liechtenstein
17%
Country with the lowest birth rate? Singapore
14%
Which county has the highest percentage of forest? Suriname
14%
Which country do people not celebrate their birthday in? Cambodia
3%
Which country do people celebrate special occasions by spilling water in front of that persons house? Bulgaria
0%
No matching quizzes found
Score Distribution
Percent of People with Each Score
Percentile by Number Answered
Your Score History
You have not taken this quiz